000
00320nam a22001337a 4500
008
170303b xxu||||| |||| 00| 0 eng d
020
_a
9780721676623
041
_a
eng
080
_2
5TH
_a
616.073
100
_a
6
101
_a
SHM
245
_a
INTRODUCTION TO RADIOGRAPHY AND PATIENT CARE
_c
ADIER, A.M
942
_2
udc
_c
BK
999
_c
6703
_d
6703